Kymenlaakson kunnat - Statistics

Yleistilastot
  • Tätä visaa on pelattu 311 kertaa
  • Keskiarvotulos 5 / 7
Vastaustilastot
Väkiluku Kunta/Kaupunki % Oikein
81 808 Kouvola
96%
51 889 Kotka
95%
20 048 Hamina
93%
3 096 Virolahti
78%
1 846 Miehikkälä
73%
5 182 Pyhtää
63%
6 710 Iitti
49%
Ehtoja vastaavia visoja ei löytynyt
Tulosjakauma
Jokaisen tuloksen saaneiden osuus
Persentiili vastausten määrän mukaan
Tuloshistoriasi
Et ole pelannut tätä visaa